Informační systém firmu zrychlý

Komplexný podnikový informačný systém ERP so zameraním na logistiku. Prínosy informačného systému ERP. Realizácia požiadavky zákazníka. Plánovanie dopravy s využitím vlastných dopravných prostriedkov. Úspešnosť spracovania objednávok.

Guardado en:
Detalles Bibliográficos
Autor principal: Pech, Pavel
Formato: Capítulo de libro
Lenguaje:checo
Materias:
Etiquetas: Agregar Etiqueta
Sin Etiquetas, Sea el primero en etiquetar este registro!

MARC

LEADER 00000naa a2200000 4500
001 0126179
005 20231129095758.7
041 0 |a cze 
044 |a CZ 
245 1 0 |a Informační systém firmu zrychlý  |c Pavel Pech 
520 |a Komplexný podnikový informačný systém ERP so zameraním na logistiku. Prínosy informačného systému ERP. Realizácia požiadavky zákazníka. Plánovanie dopravy s využitím vlastných dopravných prostriedkov. Úspešnosť spracovania objednávok. 
610 2 0 |a systémy informačné logistické 
610 2 0 |a systémy informačné podnikové 
610 2 0 |a skladovanie 
610 2 0 |a preprava 
610 2 0 |a objednávky 
610 2 0 |a logistika 
610 2 0 |a zákazníci 
100 1 |a Pech, Pavel